[Event "IND-ch U15 48th"]
[Site "Jalgaon"]
[Date "2024.01.01"]
[Round "8"]
[White "Bhoir, Paras Dilip"]
[Black "Samyak, Dharewa"]
[Result "1-0"]
[WhiteElo "1808"]
[BlackElo "1939"]
[PlyCount "49"]
[EventDate "2023.12.27"]
[EventType "swiss"]
[EventRounds "11"]
[EventCountry "IND"]
[SourceTitle "CB02_2024"]
[SourceDate "2024.01.10"]
[SourceVersion "1"]
[SourceVersionDate "2024.01.10"]
[SourceQuality "1"]

1. e4 c5 2. Nf3 e6 3. d4 cxd4 4. Nxd4 a6 5. Nc3 Qc7 6. Bd3 Nc6 7. Nxc6 dxc6 8. 0-0 e5 9. f4 Nf6 10. Kh1 Bc5 11. Qf3 0-0 12. f5 Kh8 13. g4 g6 14. Bc4 gxf5 15. exf5 Bd4 16. Bh6 Re8 17. g5 e4 18. Qd1 Bxc3 19. bxc3 Nd5 20. Qh5 b5 21. Bxd5 cxd5 22. g6 fxg6 23. fxg6 hxg6 24. Qxg6 Be6 25. Bg5 1-0

[Event "IND-ch U15 48th"]
[Site "Jalgaon"]
[Date "2023.12.28"]
[Round "3"]
[White "Bhoir, Paras Dilip"]
[Black "Charan, Sandipagu"]
[Result "1-0"]
[WhiteElo "1808"]
[BlackElo "1660"]
[PlyCount "87"]
[EventDate "2023.12.27"]
[EventType "swiss"]
[EventRounds "11"]
[EventCountry "IND"]
[SourceTitle "CB02_2024"]
[SourceDate "2024.01.10"]
[SourceVersion "1"]
[SourceVersionDate "2024.01.10"]
[SourceQuality "1"]

1. e4 c5 2. Nf3 d6 3. d4 cxd4 4. Nxd4 Nf6 5. Nc3 a6 6. Be2 e5 7. Nb3 Be7 8. 0-0 0-0 9. Kh1 Nc6 10. f3 Be6 11. Nd5 Bxd5 12. exd5 Nb8 13. c4 Nbd7 14. f4 Rc8 15. Be3 exf4 16. Bxf4 Re8 17. Rc1 Ne4 18. Bd3 Ndc5 19. Nxc5 Nxc5 20. Bf5 Nd7 21. b4 a5 22. Qa4 Nb6 23. Qb5 Ra8 24. Be3 Ra6 25. bxa5 Na8 26. Qxb7 Rxa5 27. Bd7 Rf8 28. a4 Bg5 29. Bxg5 Qxg5 30. Be6 Kh8 31. Ra1 Qe5 32. Qe7 Rb8 33. Qxf7 h6 34. Rae1 Qg5 35. Bf5 Qd8 36. Qg6 Qg8 37. Rf3 Rf8 38. Be6 Re8 39. Rff1 Rxe6 40. dxe6 Nc7 41. e7 Ra8 42. Qxd6 Ne8 43. Qd5 Nf6 44. Rxf6 1-0

[Event "IND-ch U19"]
[Site "Ahmedabad"]
[Date "2023.09.26"]
[Round "9"]
[White "Makwana, Devam"]
[Black "Bhoir, Paras Dilip"]
[Result "0-1"]
[WhiteElo "1599"]
[BlackElo "1841"]
[PlyCount "54"]
[EventDate "2023.09.20"]
[EventType "swiss"]
[EventRounds "11"]
[EventCountry "IND"]
[SourceTitle "EXT 2024"]
[Source "ChessBase"]
[SourceDate "2023.10.10"]
[SourceVersion "1"]
[SourceVersionDate "2023.10.10"]
[SourceQuality "1"]

1. e4 c5 2. Nf3 d6 3. d4 cxd4 4. Nxd4 Nf6 5. Nc3 g6 6. Be3 Bg7 7. f3 Nc6 8. Bc4 0-0 9. Qd2 Bd7 10. 0-0-0 Rb8 11. Bb3 Na5 12. g4 b5 13. h4 Nc4 14. Bxc4 bxc4 15. Kb1 Qa5 16. h5 Qb4 17. b3 Rfc8 18. Nde2 Be6 19. Bd4 cxb3 20. cxb3 Bxb3 21. axb3 Qxb3+ 22. Ka1 Nxe4 23. fxe4 Rxc3 24. hxg6 Bxd4 25. gxf7+ Kf8 26. Nxd4 Qa4+ 27. Qa2 Rc1+ 0-1

[Event "Eastern Asia-ch U12"]
[Site "Tornelo INT"]
[Date "2021.10.30"]
[Round "5"]
[White "Bhoir, Paras Dilip"]
[Black "Nguyen, Thai Son"]
[Result "1/2-1/2"]
[WhiteElo "1178"]
[BlackElo "1385"]
[PlyCount "153"]
[EventDate "2021.10.29"]
[EventType "swiss"]
[EventRounds "9"]
[EventCountry "NET"]
[SourceTitle "EXT 2023"]
[Source "ChessBase"]
[SourceDate "2022.10.05"]
[SourceVersion "1"]
[SourceVersionDate "2022.10.05"]
[SourceQuality "1"]

1. e4 e5 2. Nf3 Nf6 3. Nxe5 d6 4. Nf3 Nxe4 5. d4 d5 6. Bd3 Nc6 7. 0-0 Be7 8. Re1 Bg4 9. Bxe4 dxe4 10. Rxe4 Bxf3 11. Qxf3 Nxd4 12. Qd3 Nc6 13. Qe2 0-0 14. Nc3 Bf6 15. Bd2 Nd4 16. Qd3 Ne6 17. Qe2 c6 18. Rd1 Qb6 19. Na4 Qc7 20. Bc3 Bxc3 21. Nxc3 Rad8 22. g3 Rxd1+ 23. Qxd1 Rd8 24. Qe2 h6 25. a3 Qd6 26. Re3 Qd2 27. Qxd2 Rxd2 28. Re2 Rd7 29. Kg2 g6 30. f4 Kg7 31. Kf2 Kf6 32. h3 g5 33. fxg5+ hxg5 34. Ke3 Kg6 35. Rd2 Re7 36. Kf3 f5 37. g4 Rh7 38. gxf5+ Kxf5 39. Rh2 Rh4 40. Ne2 Rc4 41. Ng3+ Kg6 42. c3 Rf4+ 43. Ke3 Nc7 44. Ne2 Nd5+ 45. Kd3 Rf3+ 46. Ke4 Re3+ 47. Kd4 Rf3 48. c4 Nf6 49. Ke5 Re3+ 50. Kd6 Re4 51. Kc7 Re7+ 52. Kb8 a6 53. Rg2 Kh5 54. Ng3+ Kg6 55. Ne2 Kh6 56. Nd4 Re4 57. Nf5+ Kg6 58. Nd6 Rd4 59. c5 Nd7+ 60. Kxb7 Nxc5+ 61. Kxc6 Nd3 62. b4 Ne5+ 63. Kc5 Rd3 64. Ne4 Kf5 65. Nxg5 Rxa3 66. Nh7 Rxh3 67. Nf8 Nd3+ 68. Kc4 Ne5+ 69. Kc5 Nd3+ 70. Kc4 Ne5+ 71. Kd5 Rd3+ 72. Kc5 Rb3 73. Rf2+ Ke4 74. Re2+ Kf5 75. Rf2+ Ke4 76. Re2+ Kf5 77. Rf2+ 1/2-1/2